01322nam a22002537a 450000500170000001000150001702000260003203500140005803700130007208200160008510000260010124501030012726000380023027000430026830000320031150000500034350503450039365000560073865000530079465000450084794200300089299900170092295201290093920150812113457.0 aENG-113573 a9788125045137c495.00 aEN- 97105 bDBAD/PUB a305.5530954 aRadhakrishnan, Smitha aAppropriately Indian :cby Smitha Radhakrishnanbgender and culture in a new transnational class / aNew DelhibOrient Blackswanc2012 a1/24, Asaf Ali RoadbNew Delhie110002 axi,239p. :c23cm(pbk)bill. aIncludes bibliographical references and index a Privilege : situating India’s transnational class -- Global/Indian : cultural politics in the IT workplace -- Merit : ideologies of achievement in the knowledge economy -- Individuals : narratives of embedded selves -- Family : gendered "balance" and the everyday production of the nation -- Religion : when the private is transnational. a Information technology xEconomic aspects zIndia. aInformation technology xSocial aspects zIndia. a GlobalizationxSocial aspects z India. 2ddccENmRADh305.5530954 c95131d95131 001040718NFICaDBADbDBADd2015-07-21eDBAD/PUBg495.00l0o305.5530954 RADpEN-97105r2015-07-21 00:00:00t1v495.00yEN